Propellor Aerodynamics : (Record no. 606816)

000 -LEADER
fixed length control field 00380nam a22001337a 4500
040 ## - CATALOGING SOURCE
Transcribing agency NUST
082 ## - DEWEY DECIMAL CLASSIFICATION NUMBER
Classification number 629.1343
Author Mark HIT
100 ## - MAIN ENTRY--PERSONAL NAME
Personal name Hitchens, Frank E.
9 (RLIN) 118633
245 ## - TITLE STATEMENT
Title Propellor Aerodynamics :
Remainder of title The History, Aerodynamics & Operation of Aircraft Propellers /
Statement of responsibility, etc. Frank E. Hitchens
260 ## - PUBLICATION, DISTRIBUTION, ETC.
Place of publication, distribution, etc. UK :
Name of publisher, distributor, etc. Andrews ;
Date of publication, distribution, etc. 2015.
300 ## - PHYSICAL DESCRIPTION
Extent 195p.
521 ## - TARGET AUDIENCE NOTE
Source HB
942 ## - ADDED ENTRY ELEMENTS (KOHA)
Source of classification or shelving scheme
Koha item type Book
Holdings
Withdrawn status Lost status Source of classification or shelving scheme Damaged status Not for loan Permanent Location Current Location Shelving location Date acquired Total Checkouts Full call number Barcode Date last seen Price effective from Koha item type
          School of Mechanical & Manufacturing Engineering (SMME) School of Mechanical & Manufacturing Engineering (SMME) Aerospace Engineering 11/23/2023   629.1343 HIT SMME-4439 11/23/2023 11/23/2023 Book
          School of Mechanical & Manufacturing Engineering (SMME) School of Mechanical & Manufacturing Engineering (SMME) Aerospace Engineering 11/23/2023   629.1343 HIT SMME-4440 11/23/2023 11/23/2023 Book
          School of Mechanical & Manufacturing Engineering (SMME) School of Mechanical & Manufacturing Engineering (SMME) Aerospace Engineering 11/23/2023   629.1343 HIT SMME-4438 11/23/2023 11/23/2023 Book
© 2023 Central Library, National University of Sciences and Technology. All Rights Reserved.